| 000 | 01220nam a2200241Ia 4500 | ||
|---|---|---|---|
| 003 | Ost | ||
| 005 | 20260507075033.0 | ||
| 008 | 260507s9999||||xx |||||||||||||| ||und|| | ||
| 040 | _cfsecg | ||
| 041 | _aara | ||
| 082 | _a330 | ||
| 100 |
_aالطاهر، عبد الله _eمؤلف |
||
| 245 | 0 |
_aمبادئ الإقتصاد السياسي / _c عبد الله الطاهر |
|
| 260 |
_aعمان: _bدار صفاء للنشر والتوزيع, _c2002 |
||
| 300 |
_a305 صفحة؛ _bإيضاحات ؛ _c24 سم |
||
| 520 | _aمفاهيم ومصطلحات أساسية- علاقة علم الإقتصاد بالعلوم الأخرى- اطار حل المشكلة الإقتصادية- النظام الإقتصادي الإسلامي- النظام الإقتصادي الأردني-تطور الفكر الإقتصادي- نظام السوق- التحليل الإقتصادي الكلي- تحديد المستوى التوازني للدخل | ||
| 653 | _aالإقتصاد | ||
| 653 | _aالإقتصاد والسياسية | ||
| 653 | _aالنظم الإقتصادية | ||
| 700 |
_aالزعبي، بشير _eمؤلف ثانوي |
||
| 700 |
_aعبد الله يوسف _eمؤلف ثانوي |
||
| 942 | _cكتاب | ||
| 999 |
_c42422 _d42422 |
||